[Event "Rostock-10 GM Group"]
[Site "Rostock"]
[Date "1984.08.13"]
[Round "3"]
[White "Knaak, Rainer"]
[Black "Bernard, Ryszard"]
[Result "1-0"]
[WhiteElo "2490"]
[BlackElo "2375"]
[Annotator "Knaak,R"]
[PlyCount "81"]
[EventDate "1984.08.11"]
[EventType "tourn"]
[EventRounds "9"]
[EventCountry "DDR"]
[EventCategory "8"]
[SourceTitle "MCL"]
[Source "ChessBase"]
[SourceDate "1999.07.01"]
[SourceVersion "1"]
[SourceVersionDate "1999.07.01"]
[SourceQuality "1"]

1. d4 d5 2. c4 dxc4 3. Nf3 Nf6 4. Nc3 e6 $6 5. e4 Bb4 6. Bg5 b5 7. a4 c6 8. e5
h6 9. exf6 hxg5 10. fxg7 Rg8 11. h4 g4 $1 (11... Rxg7) 12. h5 (12. Ne5 $5)
12... Rxg7 (12... gxf3 $2) 13. h6 Rh7 14. Ne5 f5 15. Rh5 $5 (15. g3 $6 Qd5 $1
16. Rh2 Qe4+ $13) (15. Be2 $1 Qd5 16. Kf1 Bxc3 17. bxc3 Nd7 18. Qd2 Bb7 $1 19.
Qg5 Nf8 $16) 15... Bb7 16. Nxg4 $1 (16. g3 c5 $1 17. dxc5 Qf6 $13) 16... fxg4
$6 (16... c5 $142 17. dxc5 Qxd1+ 18. Kxd1 fxg4 19. axb5 Bd5 $14 (19... Bxc3 20.
bxc3 Bd5 $14)) (16... Nd7 $142 17. Ne3 Nf6 18. Rh3 Qc7 $14 {/\0-0-0 קd4}) 17.
Qxg4 Kd7 18. axb5 Kc7 19. Bxc4 Nd7 20. bxc6 $18 Bxc6 21. Qf4+ Bd6 22. Qc1 $1
Nb6 23. Bd3 Rh8 24. Kf1 $5 Qf8 25. h7 (25. Rha5) 25... Bf4 26. Qc2 Kd7 27. Rha5
Qh6 28. Rxa7+ Rxa7 29. Rxa7+ Kd8 30. Ne4 Qh1+ 31. Ke2 Qh5+ 32. f3 Qd5 33. Rf7
$1 Qxd4 $2 34. Rxf4 Nd5 35. Rf7 Qe3+ 36. Kf1 Nb4 37. Qd2 Qxd2 38. Nxd2 Nxd3 39.
Rg7 Be8 40. Ne4 Ne5 41. Rg8 1-0

[Event "Bundesliga 9899"]
[Site "Germany"]
[Date "1998.10.17"]
[Round "1.3"]
[White "Knaak, Rainer"]
[Black "Mueller, Karsten"]
[Result "1-0"]
[WhiteElo "2555"]
[BlackElo "2515"]
[Annotator "Knaak,R"]
[PlyCount "79"]
[EventDate "1998.10.17"]
[EventType "team-tourn"]
[EventRounds "15"]
[EventCountry "GER"]
[SourceTitle "GER-chT"]
[Source "ChessBase"]
[SourceDate "1999.07.01"]
[SourceVersion "1"]
[SourceVersionDate "1999.07.01"]
[SourceQuality "1"]
[WhiteTeam "Werder Bremen"]
[BlackTeam "Hamburger SK"]
[WhiteTeamCountry "GER"]
[BlackTeamCountry "GER"]

1. d4 d5 2. c4 c6 3. Nf3 Nf6 4. Nc3 e6 5. Bg5 dxc4 6. e4 b5 7. a4 Bb7 8. axb5
cxb5 9. Nxb5 Bxe4 10. Bxc4 Bb4+ 11. Nc3 O-O 12. O-O Bb7 13. Ne5 Be7 $6 14. Qb3
Qb6 15. Qxb6 axb6 16. Rxa8 Bxa8 17. Ra1 Bd5 18. Bb5 Rd8 19. Ra7 $16 Kf8 20. f3
h6 21. Be3 Ne8 22. Nxd5 Rxd5 23. Be2 Nf6 24. Bc4 Rd8 25. Bb5 Nd5 26. Bd2 Kg8
27. Bc3 f6 28. Nc4 Bb4 $1 29. Bxb4 Nxb4 30. Ra8 Nc2 31. d5 Nd4 32. Bd7 b5 $2 (
32... exd5 33. Nxb6 Kf7 $1) 33. dxe6 Kf8 34. Nd6 Nxe6 35. Bxe6 Ke7 36. Nc8+
Kxe6 37. Rxb8 Rd1+ 38. Kf2 Rd2+ 39. Kg3 Rxb2 40. Na7 1-0

[Event "Halle DSV International-03"]
[Site "Halle/Saale"]
[Date "1978.11.10"]
[Round "5"]
[White "Knaak, Rainer"]
[Black "Giorgadze, Tamaz"]
[Result "1-0"]
[WhiteElo "2520"]
[BlackElo "2505"]
[Annotator "Knaak,R"]
[PlyCount "67"]
[EventDate "1978.11.06"]
[EventType "tourn"]
[EventRounds "13"]
[EventCountry "DDR"]
[EventCategory "11"]
[SourceTitle "EXT 2000"]
[Source "ChessBase"]
[SourceDate "1999.11.16"]
[SourceVersion "1"]
[SourceVersionDate "1999.11.16"]
[SourceQuality "1"]

1. d4 {1) Inf.26/594. 2)SCHACH 1/79} Nf6 2. c4 e6 3. Nc3 d5 4. Bg5 c6 5. Nf3
dxc4 6. e4 b5 7. e5 h6 8. Bh4 g5 9. Nxg5 hxg5 10. Bxg5 Nbd7 11. g3 Qa5 12. exf6
b4 13. Ne4 Ba6 14. b3 $1 {Mit der Begründung, daß das Endspiel nach} Qf5 $6 {
Besser 14...Nb6.} (14... c3 $6 {Mit der Begründung, daß das Endspiel nach} 15.
Bxa6 Qxa6 16. Qe2 Qxe2+ 17. Kxe2 {klar besser ist für Weiß.}) 15. f3 O-O-O 16.
Bxc4 $1 Bxc4 17. bxc4 Nc5 (17... Ne5 18. O-O Nxc4 {und Weiß hat Vorteil.}) 18.
g4 Qg6 19. dxc5 $3 Rxd1+ 20. Rxd1 $16 Bh6 ({Nach} 20... Bxc5 21. h4 {bleibt
die schwarze Dame am Königsflügel eingeklemmt.}) 21. Bxh6 Qxh6 {Mein Gegner
schätzte diese Stellung falsch ein. Da der Vormarsch der Bauern nicht zu
verhindern ist, steht aber Weiß auf Gewinn.} 22. Ke2 Qh3 23. Rdg1 $1 Kc7 24.
Rg3 Qh4 25. g5 Qf4 26. g6 $1 fxg6 27. Rxg6 Rf8 (27... Rxh2+ 28. Rxh2 Qxh2+ 29.
Ke3 e5 30. Rg7+ Kd8 31. f7 Qh6+ 32. Ng5 $1 Ke7 33. Rg8 $18) 28. h4 $18 Qe5 29.
h5 Qb2+ 30. Ke3 Qa3+ (30... Qxa2 31. h6 b3 32. h7 b2 33. Rg7+ Kd8 34. h8=Q {
nebst Matt.}) 31. Kf4 e5+ 32. Kg3 Qe3 33. h6 Qf4+ 34. Kg2 1-0

[Event "Interzonal-14c"]
[Site "Zagreb"]
[Date "1987.??.??"]
[Round "8"]
[White "Seirawan, Yasser"]
[Black "Pinter, Jozsef"]
[Result "1-0"]
[WhiteElo "2600"]
[BlackElo "2575"]
[Annotator "Knaak,R"]
[PlyCount "119"]
[EventDate "1987.08.01"]
[EventType "tourn"]
[EventRounds "17"]
[EventCountry "YUG"]
[EventCategory "12"]
[SourceTitle "CBM 004"]
[Source "ChessBase"]
[SourceDate "1988.06.01"]
[SourceVersion "1"]
[SourceVersionDate "1988.06.01"]
[SourceQuality "1"]

1. d4 Nf6 2. c4 e6 3. Nf3 d5 4. Bg5 dxc4 5. Nc3 c6 6. e4 b5 7. e5 h6 8. Bh4 g5
9. exf6 gxh4 10. Ne5 Qxf6 11. a4 Bb7 12. Be2 c5 13. Nxb5 Na6 14. O-O $1 Rg8 15.
Bf3 Bxf3 16. Nxf3 cxd4 $6 (16... h3 $142 17. g3 Rd8 $5 {Pinter}) 17. Rc1 Rc8
18. Nfxd4 Rc5 19. f4 $1 $16 Nb4 20. f5 e5 21. Qf3 Be7 22. Nb3 (22. Ne6 $2 fxe6
23. Qa8+ Bd8 24. Nd6+ Ke7 25. Ne4 Bb6 $1 26. Qxg8 Rc8+ $1 27. Kh1 Rxg8 28. Nxf6
Kxf6 29. fxe6+ Kxe6 30. Rxc4 h3 $1 31. gxh3 Nd3 $17) 22... Rc8 23. Nd2 h3 24.
g3 a6 25. Na3 $2 (25. Nc3 $142 $1 {/\ Nde4+/- Pinter}) 25... Nd3 $1 26. Rxc4
Qb6+ 27. Kh1 Rd8 28. Rc3 e4 29. Nxe4 Ne5 30. Qf4 Qxb2 31. Nc2 f6 32. Qxh6 Qb7
33. Qh5+ Kf8 34. Qh6+ Rg7 35. Re1 Ng4 36. Qf4 Ne5 37. Qh6 Ng4 38. Qf4 Bd6 39.
Qf3 Ne5 40. Qe2 Rg4 41. Nd4 Re8 42. Ne6+ Kg8 43. Kg1 Be7 44. Rc7 Qb4 45. Kf1
Kh8 46. Nf4 Reg8 47. Nd5 Qd4 48. Qe3 Qxe3 49. Rxe3 Bd8 50. Rc2 Rf8 51. Nf4 Ba5
52. Nxf6 Rxf6 53. Rxe5 Bb4 54. Rc8+ Kh7 55. Nxh3 Bd6 56. Rd5 Rxa4 57. Rc6 Ra1+
58. Kg2 Ra2+ 59. Kf3 Rxh2 60. Ng5+ 1-0

[Event "PCA-Wch Candidates m4"]
[Site "New York"]
[Date "1994.06.??"]
[Round "1"]
[White "Kamsky, Gata"]
[Black "Kramnik, Vladimir"]
[Result "1-0"]
[WhiteElo "2695"]
[BlackElo "2710"]
[Annotator "Knaak,R"]
[PlyCount "81"]
[EventDate "1994.06.??"]
[EventType "match"]
[EventRounds "6"]
[EventCountry "USA"]
[SourceTitle "100 Jahre Schach"]
[Source "ChessBase"]
[SourceDate "2000.04.19"]
[SourceVersion "1"]
[SourceVersionDate "2000.04.19"]
[SourceQuality "1"]

1. d4 d5 2. c4 c6 3. Nc3 Nf6 4. Nf3 e6 5. Bg5 dxc4 {Mit ihrem letzten Zug
haben sich beide Kontrahenten für eines der schärfsten Eröffnungssysteme
unserer Zeit entschieden.} 6. e4 b5 7. e5 h6 8. Bh4 g5 9. Nxg5 hxg5 10. Bxg5
Nbd7 11. exf6 Bb7 12. g3 c5 13. d5 Qb6 14. Bg2 O-O-O 15. O-O b4 16. Na4 Qb5 17.
a3 Ne5 $6 {Die alte Hauptvariante war 17...Sb8 und die neue 17...exd5. Der
Textzug wird seit dieser Partie kaum noch gespielt.} 18. axb4 cxb4 19. Qd4 Nc6
20. dxc6 $1 Rxd4 21. cxb7+ Kc7 22. Be3 e5 23. Nc3 $1 {Dieser Zug ist genau wie
das vorangegangene Damenopfer bekannte Theorie.} bxc3 24. bxc3 Bc5 $1 {Erst
hier wird Neuland betreten, aber analysiert wurde dieses Abspiel bereits
vorher. Schwächer} (24... Rd6 $2 25. Rab1 $1 a6 26. Rxb5 axb5 27. Ra1 $1 $18 {
Salow-Illescas (Madrid 1993)}) 25. cxd4 $1 Bxd4 26. Rfb1 Qc5 27. Ra6 Rb8 $2 {
Soweit hatte es wohl auch Kramnik analysiert; vom nächsten Zug wird er aber
total überrascht.} (27... Bxe3 $6 28. Rc6+ Qxc6 29. Bxc6 {bietet nicht viel
mehr Remischancen.}) ({Die beste Verteidigung bestand in} 27... c3 28. Rc6+
Qxc6 29. Bxc6 c2 30. Rc1 Kxc6 31. Rxc2+ Kxb7 {Ob Weiß dieses Endspiel gewinnt,
müsste analysiert werden.}) 28. Bc1 $3 {Ein echter Hammer. Der Läufer kommt
über a3 ins Spiel. 28...Lxf2+ gibt die Deckung des Be5 auf, was sich wie folgt
rächt:} c3 (28... Bxf2+ 29. Kh1 c3 30. Ba3 Qc4 31. Bd6+ Kd7 32. Bxb8 Qxa6 33.
Bxe5 $18) 29. Ba3 Qc4 30. Bd6+ Kd7 31. Bc6+ $1 Ke6 32. Bb5 Bxf2+ (32... Qd5 33.
Bxb8+ $18) 33. Kxf2 Qd4+ 34. Kf1 Qe4 35. Re1 Qh1+ 36. Kf2 Qxh2+ 37. Kf3 Rxb7
38. Bxe5+ Rb6 39. Bc4+ Kd7 (39... Kf5 40. g4+ Kg6 41. Bxh2 $18) 40. Rxa7+ Kc8
41. Rc7+ 1-0

[Event "Dortmund"]
[Site "Dortmund"]
[Date "1993.??.??"]
[Round "4"]
[White "Lobron, Eric"]
[Black "Kramnik, Vladimir"]
[Result "1/2-1/2"]
[WhiteElo "2620"]
[BlackElo "2685"]
[Annotator "Konikowski,J"]
[PlyCount "81"]
[EventDate "1993.04.??"]
[EventType "tourn"]
[EventRounds "7"]
[EventCountry "GER"]
[EventCategory "16"]
[SourceTitle "CBM 035"]
[Source "ChessBase"]
[SourceDate "1993.08.01"]
[SourceVersion "1"]
[SourceVersionDate "1993.08.01"]
[SourceQuality "1"]

1. d4 {Lobron Ftacnik} d5 2. c4 c6 3. Nf3 Nf6 4. Nc3 e6 5. Bg5 dxc4 6. e4 b5 7.
e5 h6 8. Bh4 g5 9. Nxg5 (9. exf6 gxh4 10. Ne5 Qxf6 11. a4 h3 12. g3 c5 13. Bxh3
(13. Nxb5 cxd4 $1 14. Nc7+ Kd8 15. Qxd4+ Nd7 (15... Kxc7 16. Qxc4+ Kd8 17. Qd4+
Ke7 18. Rd1 Bg7 19. Qc5+ $18) 16. Nxa8 Bb4+ 17. Ke2 Qxe5+ 18. Qxe5 Nxe5 19.
Rd1+ Ke7 20. Bxh3 Bb7 21. Nc7 Bf3+ 22. Ke3 Bc5+ 23. Kf4 Bxd1 24. Rxd1 Nd3+ $19)
13... cxd4 14. Ng4 Qg7 15. Qf3 dxc3 16. Qxa8 cxb2 17. Rd1 Bb4+ 18. Ke2 c3 19.
Qxb8 O-O 20. Qxb5 c2 21. Qxb4 Ba6+ 22. Ke3 Rc8 23. Rc1 h5 24. Kd2 Qg5+ 25. Ne3
Qd8+ {0-1/Tukmakov-Henkin,Iraklion 1992}) 9... hxg5 10. Bxg5 Nbd7 11. exf6 Bb7
12. g3 c5 (12... Qb6 13. Bg2 O-O-O (13... c5 14. dxc5 Bxc5 15. O-O Bxg2 16.
Kxg2 Qc6+ 17. f3 O-O-O 18. Qe2 Bd4 19. Ne4 $16 {Sokolov,I-Dukic,Yugoslavia 1991
}) 14. O-O Bh6 15. Bxh6 Rxh6 16. Ne4 c5 17. Qd2 Rhh8 18. Qf4 Bxe4 19. Bxe4 cxd4
20. a4 e5 21. Qf3 Qxf6 22. Qa3 $40 {Lechtinsky-Rachman,Dubai 1986}) 13. d5 Nxf6
(13... Nb6 14. dxe6 Bxh1 (14... Qxd1+ 15. Rxd1 Bxh1 16. e7 a6 17. h4 $1 Bh6 18.
f4 b4 19. Rd6 Rb8 20. Nd1 Bxg5 21. fxg5 Nd5 22. Bxc4 Nxe7 23. fxe7 Kxe7 24. Rf6
$44 {Polugaevsky-Torre.Moscow 1981}) 15. e7 Qd7 16. Qxd7+ Nxd7 17. Nxb5 Bxe7
18. fxe7 f6 19. Be3 Kxe7 20. h4 Bf3 21. Bxc4 Rhc8 22. Na3 Rab8 23. b3 a5 24.
Rc1 $16 {Ionov-Oll,Klaipeda 1988}) (13... Ne5 14. Bg2 Nd3+ 15. Kf1 Qd7 16. dxe6
fxe6 17. Qe2 O-O-O 18. Bxb7+ (18. h4 Bh6 19. f4 b4 20. Bxb7+ Kxb7 21. Ne4 Qc6
22. Rh2 e5 $1 $132 {Trassler-Griffits,corr.1982}) 18... Kxb7 19. Qe4+ Qc6 20.
h4 Bd6 21. f4 b4 22. Qxc6+ Kxc6 $13 {Hansen-Bagirov,Moscow 1975}) (13... Bh6
14. Bxh6 Rxh6 15. Bg2 (15. Qd2 {Ribli}) 15... b4 16. Ne4 Nxf6 17. Nxc5 Bxd5 18.
O-O (18. Bxd5 Qxd5 19. Qxd5 Nxd5 20. Rc1 Rc8 21. Rxc4 Nb6 22. Rc1 Na4 23. Nd3
Rxc1+ 24. Nxc1 Nxb2 $10 {Azmaiparashvili-Dolmatov,USSR 1986}) 18... Bxg2 19.
Kxg2 Qb6 20. Qf3 Rc8 21. Ne4 Nxe4 22. Qxe4 Qc6 $10 {ECO}) (13... Qb6 14. Bg2
O-O-O 15. O-O b4 16. Na4 Qb5 17. a3 exd5 18. axb4 cxb4 19. Qd4 (19. h4 Ne5 20.
Re1 Bd6 21. Qd4 Nc6 22. Qxd5 Qxd5 23. Bxd5 Nd4 24. Rad1 {Yusupov-Dokhoian,BRD
1992;24...Nf3!?}) 19... Nc5 20. b3 Nxb3 21. Qxa7 Nxa1 22. Bf4 Kd7 23. Nb6+ (23.
Bxd5 $1 Qxd5 24. Nb6+ Kc6 25. Nxd5 Rxd5 26. Rxa1 Bh6 27. Qe3 Bxf4 28. Qxf4 $16)
23... Kc6 24. Nxd5 Rxd5 25. Rd1 Rhh5 26. Qb8 $6 (26. g4 $5 {Dokhoian}) 26...
Qa5 $17 {Nikolac-Kishnev,Muenchen 1992/93}) (13... Qb6 {Lobron}) 14. dxe6 $146
(14. Bxc4 $5 bxc4 15. Qa4+ (15. Bxf6 {Ftacnik} Qxf6 16. Qa4+ Kd8 17. O-O-O e5
$8 18. f4 $6 (18. Rhe1 $5) (18. Qxc4 $13) 18... exf4 $8 19. d6 Bxh1 $1 20. Qa5+
Kd7 21. Qc7+ Ke6 22. d7 Kf5 $6 23. Rxh1 Qd6 24. Qb7 $2 {Shabalov,A-Mueller,Ka/
Pula/1989/} (24. d8=Q Rxd8 25. Qxf7+ Kg4 26. h3+ Rxh3 27. Rd1 $13)) 15... Qd7
16. Bxf6 Qxa4 17. Nxa4 Rh6 (17... Bxd5 18. Bxh8 Bxh1 19. Bf6 $14) 18. Bg5 Rg6
19. h4 exd5 20. O-O $13) (14. Bg2 {Ftacnik} Be7 15. O-O Nxd5 16. Bxe7 Kxe7 17.
Nxb5 Qb6 18. Nc3 (18. Na3 c3 $1 $8 19. Nc4 Qc7 20. Qc1 $6 Rag8 {/\ Nf4-+} 21.
f4 $8 cxb2 $6 22. Qxb2 $14 {Vladimirov,E-Dzhandzhava,L/Pavlodar/1987/}) 18...
Nxc3 19. bxc3 Bxg2 20. Kxg2 Qc6+ 21. f3 Rad8 22. Qe1 Rd3 23. Rf2 Qd5 24. Rb1
$13 {Quist,J-Karolyi jr,T/Dieren op (5)/1988/}) 14... Bg7 (14... Be7 15. exf7+
Kxf7 16. Qxd8 Raxd8 17. Rg1 b4 18. Bxc4+ Kg6 19. Bxf6 Bxf6 20. Na4 $16) (14...
Bxh1 15. Qxd8+ Rxd8 16. Bxf6 Rh7 17. exf7+ Rxf7 18. Bxd8 Kxd8 19. Nxb5 $18 (19.
Rd1+ {Ftacnik} Kc8 20. Nxb5 $16)) (14... Qxd1+ 15. Rxd1 Bxh1 16. Bxf6 Rh6 (
16... Rxh2 17. Nxb5 fxe6 18. Nc7+ Kf7 19. Be5 Rh5 20. f4 Rc8 21. Rd7+ Kg6 22.
Nxe6 $36) 17. Nxb5 Rxf6 (17... fxe6 {Ftacnik} 18. Nc7+ Kf7 19. Bg5 Rxh2 20.
Nxa8 Bxa8 21. Bxc4 $16) (17... Rc8 {Lobron} 18. Nc7+ Rxc7 19. Rd8#) 18. Nc7+
Ke7 19. Rd7#) 15. Rg1 (15. Qxd8+ $1 {Lobron} Rxd8 16. Rg1 b4 (16... a6 17.
exf7+ Kxf7 18. Bg2 $16) (16... Rxh2 17. Nxb5 fxe6 {-16...fe6}) (16... fxe6 17.
Nxb5 Rxh2 (17... Ne4 18. Bxd8 Bxb2 (18... Kxd8 19. O-O-O+ $18) 19. Rd1 $18) 18.
Bxc4 $16) 17. Na4 $16) 15... Qb6 (15... Qe7 {Lobron} 16. Nxb5 $16) (15... fxe6
{Lobron} 16. Nxb5 $16) 16. Qe2 (16. exf7+ {Ftacnik} Kxf7 17. h4 Rad8 $36 {xKe1}
(17... Rad8 {Lobron} 18. Qc2 Rhe8+ 19. Be2 Bf3 20. Be3 Qc6 $1 $13)) (16. Bxf6 {
Lobron} Qxe6+ 17. Qe2 Qxe2+ 18. Bxe2 Bxf6 19. Nxb5 Bxb2 20. Rb1 c3 $17) 16...
Qxe6 (16... fxe6 {Lobron} 17. h4 $16) (16... O-O-O {Lobron} 17. e7 Rde8 18.
O-O-O $16) 17. Nxb5 Qxe2+ 18. Bxe2 Ne4 (18... Kf8 {Ftacnik} 19. h4 Ne4 $13) 19.
O-O-O (19. Nc7+ Kd7 (19... Kf8 {Lobron} 20. Nxa8 Nxg5 $1 21. Nc7 Bxb2 22. Rd1 (
22. Rb1 c3 $17) 22... Rxh2 23. Rd8+ (23. Nb5 c3 $17) (23. Bxc4 Nf3+ 24. Ke2
Nxg1+ 25. Rxg1 Bd4 26. Rf1 Bc8 $17) 23... Ke7 24. Rb8 Bd4 $17) 20. Nxa8 Nxg5
21. O-O-O+ (21. Rd1+ {Ftacnik} Kc8 $17) 21... Kc8 22. Bg4+ Ne6 23. Rge1 Bxa8
24. h4 Re8 (24... Bd4 $5) 25. Bh5 Re7 26. Bxf7 Rxf7 27. Rxe6 Bf3 28. Rde1 Bd4
29. Re7 Rxe7 30. Rxe7 Bxf2 31. Rf7 Be3+ 32. Kc2 Be4+ 33. Kc3 Bd3 34. b3 Bd4+
35. Kd2 Bb1 36. bxc4 Bxa2 37. Rxa7 Bxc4 $13) (19. Bf4 $5 $13 {Lobron}) 19...
Nxg5 20. Nd6+ Kf8 (20... Ke7 {Lobron} 21. Nxb7 Rab8 22. Na5 $1 $14) 21. Nxb7
Rxh2 22. Rgf1 (22. Nxc5 {Ftacnik} Rxf2 $17) (22. Bxc4 $10 {Lobron} Rxf2 (22...
Rb8 23. Rd7 Rxf2 24. Rf1 Bxb2+ 25. Kd1 Rxf1+ 26. Bxf1 {/\ Bc4=}) (22... Bd4 $2
23. Rh1 $14) 23. Rgf1 Bxb2+ 24. Kb1 Rxf1 25. Rxf1 $10) 22... Bd4 (22... Ne4 {
Ftacnik} 23. Bxc4 Nxf2 24. Rd7 $40) 23. Bxc4 Rb8 24. Bd5 (24. Nd6 {Ftacnik}
Bxb2+ 25. Kc2 Bd4 $36) 24... Bxf2 25. Rd3 Bd4 (25... c4 {Ftacnik} 26. Rc3 Bd4
27. Rc2 $10) 26. Rb3 Kg7 27. Kb1 Rd2 (27... Kg6 {Ftacnik} 28. a4 f5) 28. Kc1
Rh2 29. Kb1 Kg6 30. a4 (30. Nxc5 $2 Rxb3 31. Nxb3 Rxb2+ 32. Kc1 Rxa2 $17) 30...
f5 31. Re1 Kh5 (31... Rbh8 {Ftacnik} 32. Ka2 Rc2 33. Na5 Rhh2 34. Nc4 $13) 32.
Rf1 Re8 (32... Kg4 {Ftacnik} 33. Rf4+) 33. Na5 (33. Rxf5 {Ftacnik} Kg6 34. g4 (
34. Rf1 $1 {Lobron} Re5 35. Bc6 Ree2 36. Nd6 Bxb2 (36... Rxb2+ 37. Rxb2 $10)
37. Be8+ $10) 34... Ree2 $36) 33... Re5 34. Bf3+ (34. Bc6 $15 {Lobron}) 34...
Nxf3 35. Rfxf3 Re1+ (35... Kg5 {Lobron} 36. Nc4 Ree2 {/\ Rc2} 37. Ka2 Rc2 38.
Ne3 (38. Nd6 Bxb2 39. Rxf5+ Kg6 $19) 38... Bxe3 39. Rfxe3 c4 $17) 36. Ka2 Ree2
37. Nc4 Rc2 38. Ne3 Rxb2+ (38... Bxe3 {Lobron} 39. Rfxe3 c4 40. Rb5 $10) (38...
Rce2 $15 {Lobron}) 39. Rxb2 Rxb2+ 40. Ka3 Re2 41. Nxf5 1/2-1/2

[Event "Novgorod 3rd"]
[Site "Novgorod"]
[Date "1996.07.27"]
[Round "7"]
[White "Kramnik, Vladimir"]
[Black "Ivanchuk, Vassily"]
[Result "1-0"]
[WhiteElo "2765"]
[BlackElo "2730"]
[Annotator "Kramnik,V"]
[PlyCount "49"]
[EventDate "1996.07.20"]
[EventType "tourn"]
[EventRounds "10"]
[EventCountry "RUS"]
[EventCategory "19"]
[SourceTitle "CBM 054"]
[Source "ChessBase"]
[SourceDate "1996.10.01"]
[SourceVersion "1"]
[SourceVersionDate "1996.10.01"]
[SourceQuality "1"]

1. d4 {Agzamov HarZvi Shirov} d5 2. c4 c6 3. Nf3 Nf6 4. Nc3 e6 5. Bg5 dxc4 6.
e4 b5 7. e5 h6 8. Bh4 g5 9. Nxg5 hxg5 10. Bxg5 Nbd7 11. g3 {Har Zvi: white
playes this move if he wants to avoid the variation with Bh6 which can follow
after 11.exf6 Bb7 12.g3 c5 13.d5 Bh6,but here black has a critical move 11...
Rg8 which leads to great complications} Bb7 12. Bg2 Qb6 13. exf6 c5 14. d5
O-O-O 15. O-O b4 16. Na4 {Har Zvi: Kramnik is the leading GM in the world
playing this position with Black,and it maybe not a very good idea to play
this against him even for Ivanchuk this game showes it was not a very good
opening choice.} (16. Rb1 {HarZvi this is another very interesting move in
which kramnik had some evry interesting games lately} Qa6 17. dxe6 Bxg2 18. e7
Bxf1 19. Qd5 {Har Zvi: Kamsky played 19.Kxf1 against Kramnik and got the
advantage but 2 monthes later Kramnik played again this position against
Topalov it means he has something} (19. Kxf1 Bxe7 (19... Qc6 20. exd8=Q+ Kxd8
21. Nd5 Rxh2 22. Kg1 Rh8 23. Bf4 Bd6 24. Bxd6 Qxd6 25. Qf3 $16 {Kramnik,
V-Shirov,A Monaco blind 1996}) 20. fxe7 Rdg8 21. Ne4 (21. Qd5 Rxg5 $1 22. Qxg5
bxc3) 21... Qc6 22. Nd6+ Kb8 23. Bf4 $40 {Kamsky,G-Kramnik,V Dos Hermanas 1996}
) 19... Bxe7 20. fxe7 Bd3 (20... Rdg8 21. Ne4 Rg6 {Kasparov,G-Kramnik,V
New-York PCA 1994} 22. Qa8+ $1 Nb8 23. Rxf1 Qc6 24. Rd1 $3 Qxa8 25. Rd8+ Kc7
26. Bf4+ Kb6 27. Rxh8 Re6 28. e8=Q Rxe8 29. Rxe8 Qd5 30. Rxb8+ Ka6 (30... Ka5
31. Re8 f5 32. Nxc5 $1) 31. Nd2 $1 c3 32. bxc3 bxc3 33. Nb3 c4 34. Nc1 c2 35.
h4 $18 {Kasparov,G}) 21. Ne4 Bxb1 22. Nd6+ Kc7 23. Bf4 Kb6 24. Nxc4+ Kb5 25.
Nd6+ Kb6 26. exd8=B+ Rxd8 27. Nc4+ Kb5 28. Nd6+ Kb6 29. Nc4+ Kb5 {1-2/1-2
Topalov,V-Kramnik,V Dortmund 1996}) 16... Qd6 {Har Zvi: The main line is 16...
Qb5 and there is also another interesting move 16...Qa6. The game move was
played few times, Kramnik's continuation seems to be very strong and better
than the moves played before.} (16... Qb5) (16... Qa6) 17. Bf4 $5 $146 (17.
dxe6 {HarZvi} Qxe6 18. Re1 Ne5 $1 (18... Qf5 19. Bxb7+ Kxb7 20. Bf4 {with the
idea Qf3} Qxf6 $8 21. Re8 $1 $16 {Agzamov,G-Timoscenko,G SSSR 1982 34/510}) 19.
Qxd8+ (19. Bxb7+ Kxb7 20. Qe2 (20. Qxd8 Nf3+ 21. Kg2 Qc6 $1 {Har Zvi: and not
21...Nxe1 as Agzamov analyses in informator 34} (21... Nxe1+ 22. Rxe1 Qxe1 (
22... Qh3+ 23. Kf3 Qh5+ 24. Kf4) 23. Qd7+ Ka6 24. Qc6+ Ka5 25. Bf4 Rxh2+ 26.
Kxh2 Qxf2+ 27. Kh3 Qf1+ 28. Kh4 $18 {Agzamov,G}) 22. Re7+ Bxe7 23. Qxh8 (23.
Qxe7+ Ka8 $19) 23... Nxg5+ {with Bxf6 with a strong initiative}) 20... Qh3 21.
Qxe5 Qxh2+ 22. Kf1 Qh3+ 23. Ke2 Qg4+ 24. Kf1 $10 {Shirov}) 19... Kxd8 20. Bxb7
Kc7 $4 (20... Qf5 21. Rxe5 (21. Rad1+ Nd3 22. Bf4 Bd6 $1 23. Be4 Qh3 24. Rxd3
cxd3 25. Bxd6 Qxh2+ 26. Kf1 Qh1+ 27. Bxh1 Rxh1+ 28. Kg2 Rxe1 29. Bf4 Re2 30.
Kf3 c4 $1 $17) 21... Qxe5 22. Rd1+ Kc7 23. Bf4 Qxf4 24. gxf4 Kxb7 25. Rc1 Rh6
26. Rxc4 Kc6 $10 {Shirov}) 21. Bg2 Qd7 22. Bf4 $1 $16 {+- Shirov,A-Piket,J
Aruba (m/4) 1995 63/379 [Shirov,A]}) 17... e5 (17... Qa6 $5) (17... Ne5 $4 {
HarZvi} 18. Re1 $18) 18. Be3 Bh6 19. Qc1 $1 (19. Qc2 $5) 19... Bxe3 (19... Qxf6
$2 20. Nxc5 Nxc5 (20... Bxe3 21. fxe3 $1 Qh6 22. Nxb7 Kxb7 (22... Qxh2+ 23. Kf2
Kxb7 24. Rh1) 23. Qxc4 Qxe3+ 24. Rf2 $18) 21. Qxc4 Bxe3 22. fxe3 Qd6 (22... Qb6
23. Rac1 $18) 23. Rac1 $18) 20. Qxe3 $16 (20. fxe3 $5) 20... Ba6 $6 {a
completely unexplained move,the natural move and the best one is simply to
take on d5,after this strange move black has no play at all white is winning} (
20... Bxd5 21. Rfd1 Nxf6 22. Rac1 Qc6 (22... Ng4 23. Qe2) (22... Rxh2 23. Bxd5
Nxd5 24. Kxh2) 23. Bxd5 Nxd5 24. Qxc5 Qxc5 25. Nxc5 Nb6 26. Nd3 $16 (26. Na6
Rxd1+ 27. Rxd1 c3 28. Nxb4 cxb2 29. Nd3 Nc4 (29... Na4 30. Rb1) 30. Rb1 $16 Kc7
31. Nxb2 Rb8 32. Rc1)) (20... Kb8) (20... Bxd5) 21. a3 $1 Kb8 (21... b3 22.
Rfd1) (21... c3 22. Rfc1 $16) 22. h4 $1 (22. Nxc5 $2 Nxc5 23. axb4 Nb3 24. b5
Nxa1 25. Rxa1 Bb7 26. Qxa7+ Kc7) 22... Rdg8 (22... Rc8 23. Bh3 $1 $16) 23. Nxc5
$1 Nxc5 (23... Qxc5 24. Qxc5 Nxc5 25. axb4 c3 26. bxc5 Bxf1 27. Rxf1 cxb2 28.
Rb1 $18) 24. axb4 Nb7 (24... Nb3 25. b5 (25. Rxa6 $1 {HarZvi} Qxa6 26. Qxe5+
Kc8 (26... Kb7 27. d6+) 27. d6 $1 {Har Zvi: and white is probably winning the
threats are Qd5,Qe7}) 25... Nxa1 26. Rxa1 Bb7 (26... Bxb5 27. Qxa7+ Kc8 28.
Bh3+ Bd7 (28... Kd8 29. Qa5+ (29. Qa8+)) 29. Qa8+ Qb8 (29... Kc7 30. Ra7+ $18)
30. Qc6+ $18) 27. Qxa7+ Kc8 (27... Kc7 28. Ra6 Ra8 29. Qxb7+ Kxb7 30. Rxd6 $18)
28. Bh3+ Kc7 29. Ra6 Ra8 (29... Qxd5 30. Rc6+ $18) 30. Qxb7+ Kxb7 31. Rxd6 $18)
(24... Nd3 25. b5) 25. b3 $1 {/\bc} (25. b3 $1 cxb3 (25... c3 26. Rfc1) (25...
Rg4 26. b5 Bxb5 27. Qxa7+ Kc7 28. Rfc1 {Har Zvi: and black is losing since he
can not play Qb6/Qc5 because of d6}) (25... Rc8 {HarZvi} 26. b5) 26. b5 Bxb5
27. Qxa7+ Kc7 28. Rfc1+ $18) (25. b5 Bxb5 26. Qxa7+ Kc7) 1-0